| 000 | 01028 a2200181 4500 | ||
|---|---|---|---|
| 003 | NUST | ||
| 005 | 20221213165417.0 | ||
| 040 | _cNust | ||
| 082 | _a303.34,SMI | ||
| 100 |
_a Smith, Perry M. _950896 |
||
| 245 |
_aTaking charge : _ba practical guide for leaders / _cPerry M. Smith |
||
| 260 |
_aWashington _bD.C. : National Defense University Press _c1986 |
||
| 300 | _a261,p .: | ||
| 505 | _aIntroduction (Page-xv), Leading (Page-1), Taking Over (Page-11), Hiring (Page-21), Coundelling Subordinates (Page-27), Firing (Page-35), Leading in Crises (Page-41), Dealing with the Down Side (Page-47), Decentralizing and Getting Feedback (Page-61), Looking at Yourself (Page-85), Dealing at Yourself (Page-85), Creating a Stragegic Vision (Page-109), Leading Internatinal Organizations (Page-117), Establishing Standards (Page-121), Organizing Priorities (Page-133), Taking Care of your People (Page-147), Wrapping Up (Page-165). | ||
| 600 |
_aPerry M. Smith _9325 |
||
| 650 |
_aleader ship _9104762 |
||
| 942 |
_2ddc _cBK _k303.3,SMI |
||
| 999 |
_c184339 _d184339 |
||